000 00402nam a2200133Ia 4500
008 231221s9999 xx 000 0 und d
020 _a978-1-4614-1930-3
041 _aEnglish
100 _aZahir Tari, Ann Khoi Anh Phan, Malith Jayasinghe, Vidura Gamini Abhaya
245 0 _aOn the Performance of Web Services
260 _c2011
_bSpringer US
_aNew York
650 _aComputer Science
942 _cEB
999 _c218794
_d218794